Destino ocupacional de los egresados de la educación técnico-profesional de nivel medio en Chile
Сохранить в:
| Главный автор: | |
|---|---|
| Формат: | |
| Язык: | испанский |
| Опубликовано: |
Santiago
Universitaria
1967
|
| Серии: | Estudios Educacionales, 2
|
| Предметы: | |
| Метки: |
Добавить метку
Нет меток, Требуется 1-ая метка записи!
|
MARC
| LEADER | 00000nam a2200000 a 4500 | ||
|---|---|---|---|
| 001 | UCU0911 | ||
| 003 | CL-VaPUC | ||
| 008 | 960329e19670000CL |||||||||||||||||spa|d | ||
| 082 | 0 | 4 | |a 373.27 |b ESC |2 21 |
| 100 | |a Escudero Burrows, Ethel |e autora |9 560825 | ||
| 245 | 1 | 0 | |a Destino ocupacional de los egresados de la educación técnico-profesional de nivel medio en Chile |
| 300 | |a 166 p | ||
| 942 | |c BK | ||
| 945 | |d 19960329 00:00:00 |a cmena | ||
| 260 | |a Santiago |b Universitaria |c 1967 | ||
| 650 | 7 | |a ESCUELAS TECNICAS |2 CL-VaPUC |9 355945 | |
| 650 | 0 | |a Educación técnica |9 307052 | |
| 650 | 0 | |a Orientación vocacional |9 255692 | |
| 583 | |a last modification |c 20170829 01:16:56 |k Rodrigo Vera | ||
| 490 | 0 | |a Estudios Educacionales, 2 | |
| 999 | |c 245689 |d 245687 | ||
| 952 | |0 0 |1 0 |4 0 |6 373_270000000000000_ESC_1967 |7 0 |8 P |9 260278 |a BIBEDU |b BIBEDU |c BIBEDU_PB |d 2019-11-19 |i 1635352 |o 373.27 ESC 1967 |p 1635352 |r 2024-01-25 |w 2019-11-19 |y BK |k EDU | ||